000 00500nam a2200193 a 4500
001 1774863791064
003 YourLibrary
005 20260330151548.0
008 260330s2002##################000#0#eng##
020 _a9780700713752
082 0 4 _a351.51
_bLOE.2
100 1 _aLoewe, Michael,
_eauthor.
245 1 0 _aRecords of Han Administration :
260 _bPsychology Press,
_c2002.
300 _a582 pages
650 0 _aHistory.
942 _cENGLISH
040 _aYourLibrary
_beng
_cYourLibrary
999 _c618165
_d618165